Le dernier étage de la fusée… (notice n° 1591935)
[ vue normale ]
| 000 -LEADER | |
|---|---|
| fixed length control field | 01453cam a2200217 4500500 |
| 005 - DATE AND TIME OF LATEST TRANSACTION | |
| control field | 20251228065639.0 |
| 041 ## - LANGUAGE CODE | |
| Language code of text/sound track or separate title | fre |
| 042 ## - AUTHENTICATION CODE | |
| Authentication code | dc |
| 100 10 - MAIN ENTRY--PERSONAL NAME | |
| Personal name | Lego, Gaëlle |
| Relator term | author |
| 245 00 - TITLE STATEMENT | |
| Title | Le dernier étage de la fusée… |
| 260 ## - PUBLICATION, DISTRIBUTION, ETC. | |
| Date of publication, distribution, etc. | 2022.<br/> |
| 500 ## - GENERAL NOTE | |
| General note | 6 |
| 520 ## - SUMMARY, ETC. | |
| Summary, etc. | Depuis ces dernières années, nous observons une accélération des normes évaluatives qui « impactent » fortement le cœur de nos métiers et l’éthique liée à un travail relationnel. Les gestionnaires profitent d’une « mise en dispositif » des structures du médico-social pour imposer des techniques managériales et tarifaires. Nous faisons l’hypothèse qu’il s’agit là de faire passer le secteur social à une logique marchande, ce que les professionnels du soin, de l’éducatif… refusent. Avant d’accepter (ou pas) cette grille Sérafin- ph dans laquelle « usagers » et professionnels peuvent se noyer, ne s’agit-il pas de revenir sur notre histoire, et en particulier sur les conséquences désastreuses que la T2A a produites à l’hôpital public ? |
| 690 ## - LOCAL SUBJECT ADDED ENTRY--TOPICAL TERM (OCLC, RLIN) | |
| Topical term or geographic name as entry element | bullshit jobs |
| 690 ## - LOCAL SUBJECT ADDED ENTRY--TOPICAL TERM (OCLC, RLIN) | |
| Topical term or geographic name as entry element | éthique |
| 690 ## - LOCAL SUBJECT ADDED ENTRY--TOPICAL TERM (OCLC, RLIN) | |
| Topical term or geographic name as entry element | Hyper-gestion |
| 690 ## - LOCAL SUBJECT ADDED ENTRY--TOPICAL TERM (OCLC, RLIN) | |
| Topical term or geographic name as entry element | médico-social |
| 690 ## - LOCAL SUBJECT ADDED ENTRY--TOPICAL TERM (OCLC, RLIN) | |
| Topical term or geographic name as entry element | tarification à l’acte |
| 786 0# - DATA SOURCE ENTRY | |
| Note | VST - Vie sociale et traitements | 154 | 2 | 2022-05-04 | p. 89-95 | 0396-8669 |
| 856 41 - ELECTRONIC LOCATION AND ACCESS | |
| Uniform Resource Identifier | <a href="https://shs.cairn.info/revue-vie-sociale-et-traitements-2022-2-page-89?lang=fr&redirect-ssocas=7080">https://shs.cairn.info/revue-vie-sociale-et-traitements-2022-2-page-89?lang=fr&redirect-ssocas=7080</a> |
Pas d'exemplaire disponible.




Réseaux sociaux